| 000 | 00470cam a2200181ua 4500 | ||
|---|---|---|---|
| 020 | _c2.00 | ||
| 041 |
_amal _h |
||
| 082 |
_a793.3 _bANA/KA |
||
| 100 | _aAnantha Subrahmaniam, T S . | ||
| 245 |
_aKathakali nadanmar / _cT S Anantha Subrahmaniam. _hTextual Documents |
||
| 250 |
_aRev. / _b. |
||
| 260 |
_aThuravoor : _bSree Narasimha Vilasam Book Depot , _c1958. |
||
| 300 | _a185 ; . | ||
| 365 | _a2.00 | ||
| 504 | _a | ||
| 942 | _cBK | ||
| 999 |
_c5012 _d5012 |
||